MARC details
| 000 -LEADER |
| campo de control de longitud fija |
02542cam a2200577 a 4500 |
| 005 - FECHA Y HORA DE LA ÚLTIMA TRANSACCIÓN |
| campo de control |
20230410143455.0 |
| 008 - DATOS DE LONGITUD FIJA--INFORMACIÓN GENERAL |
| campo de control de longitud fija |
090819s2007 nyu b 001 0 eng c |
| 010 ## - NÚMERO DE CONTROL DE LA BIBLIOTECA DEL CONGRESO |
| Número de control de LC |
2009280806 |
| 035 ## - NÚMERO DE CONTROL DEL SISTEMA |
| Número de control de sistema |
(OCoLC)ocn172569526 |
| 040 ## - FUENTE DE CATALOGACIÓN |
| Centro catalogador/agencia de origen |
YDXCP |
| Centro/agencia transcriptor |
YDXCP |
| Centro/agencia modificador |
DLC |
| -- |
BAKER |
| -- |
GRR |
| -- |
BWX |
| -- |
GK8 |
| -- |
IGR |
| -- |
VP@ |
| -- |
IQU |
| -- |
BTCTA |
| -- |
NLGGC |
| -- |
ZZAND |
| -- |
UGX |
| 019 ## - |
| -- |
318434086 |
| 020 ## - NÚMERO INTERNACIONAL ESTÁNDAR DEL LIBRO |
| Número Internacional Estándar del Libro |
9781403984531 (pbk.) |
| 020 ## - NÚMERO INTERNACIONAL ESTÁNDAR DEL LIBRO |
| Número Internacional Estándar del Libro |
1403984530 (pbk.) |
| 035 ## - NÚMERO DE CONTROL DEL SISTEMA |
| Número de control de sistema |
(OCoLC)172569526 |
| Número de control cancelado/no válido |
(OCoLC)318434086 |
| 042 ## - CÓDIGO DE AUTENTICACIÓN |
| Código de autenticación |
pcc |
| 001 - NÚMERO DE CONTROL |
| campo de control |
14aGV 1469.3bG297w 2007 |
| 082 00 - NÚMERO DE LA CLASIFICACIÓN DECIMAL DEWEY |
| Número de clasificación |
794.8019 |
| 049 ## - FONDOS LOCALES (OCLC) |
| Biblioteca depositaria |
GRAL |
| 100 1# - ENTRADA PRINCIPAL--NOMBRE DE PERSONA |
| Nombre de persona |
Gee, James Paul. |
| 245 10 - MENCIÓN DEL TÍTULO |
| Título |
What video games have to teach us about learning and literacy / |
| Mención de responsabilidad, etc. |
James Paul Gee. |
| 250 ## - MENCION DE EDICION |
| Mención de edición |
Rev. and updated ed. |
| 260 ## - PUBLICACIÓN, DISTRIBUCIÓN, ETC. |
| Lugar de publicación, distribución, etc. |
New York : |
| Nombre del editor, distribuidor, etc. |
Palgrave Macmillan, |
| Fecha de publicación, distribución, etc. |
2007. |
| 300 ## - DESCRIPCIÓN FÍSICA |
| Extensión |
249 p. ; |
| Dimensiones |
24 cm. |
| 500 ## - NOTA GENERAL |
| Nota general |
"December 2007"--T.p. verso. |
| 504 ## - NOTA DE BIBLIOGRAFÍA, ETC. |
| Nota de bibliografía, etc. |
Includes bibliographical references (p. [229]-239) and index. |
| 505 0# - NOTA DE CONTENIDO CON FORMATO |
| Nota de contenido con formato |
Introduction : 36 ways to learn a video game -- Semiotic domains : is playing video games a "waste of time"? -- Learning and identity : what does it mean to be a half-elf? -- Situated meaning and learning : what should you do after you have destroyed the global conspiracy? -- Telling and doing : why doesn't Lara Croft obey Professor Von Croy? -- Cultural models : do you want to be the blue sonic or the dark sonic? -- The social mind : how do you get your corpse back after you've died? -- Conclusion -- Appendix : The 36 learning principles. |
| 650 #0 - PUNTO DE ACCESO ADICIONAL DE MATERIA--TÉRMINO DE MATERIA |
| Término de materia o nombre geográfico como elemento de entrada |
Video games |
| Subdivisión general |
Psychological aspects. |
| 650 #0 - PUNTO DE ACCESO ADICIONAL DE MATERIA--TÉRMINO DE MATERIA |
| Término de materia o nombre geográfico como elemento de entrada |
Computer games |
| Subdivisión general |
Psychological aspects. |
| 650 #0 - PUNTO DE ACCESO ADICIONAL DE MATERIA--TÉRMINO DE MATERIA |
| Término de materia o nombre geográfico como elemento de entrada |
Learning, Psychology of. |
| 650 #0 - PUNTO DE ACCESO ADICIONAL DE MATERIA--TÉRMINO DE MATERIA |
| Término de materia o nombre geográfico como elemento de entrada |
Visual literacy. |
| 650 #0 - PUNTO DE ACCESO ADICIONAL DE MATERIA--TÉRMINO DE MATERIA |
| Término de materia o nombre geográfico como elemento de entrada |
Video games and children. |
| 650 #4 - PUNTO DE ACCESO ADICIONAL DE MATERIA--TÉRMINO DE MATERIA |
| Término de materia o nombre geográfico como elemento de entrada |
Videojuegos |
| Subdivisión general |
Enseñanza. |
| 650 #4 - PUNTO DE ACCESO ADICIONAL DE MATERIA--TÉRMINO DE MATERIA |
| Término de materia o nombre geográfico como elemento de entrada |
Videojuegos |
| Subdivisión general |
Aspectos psicológicos. |
| 650 #4 - PUNTO DE ACCESO ADICIONAL DE MATERIA--TÉRMINO DE MATERIA |
| Término de materia o nombre geográfico como elemento de entrada |
Juegos con computador. |
| 650 17 - PUNTO DE ACCESO ADICIONAL DE MATERIA--TÉRMINO DE MATERIA |
| Término de materia o nombre geográfico como elemento de entrada |
Beeldcommunicatie |
| Fuente del encabezamiento o término |
gtt |
| 650 17 - PUNTO DE ACCESO ADICIONAL DE MATERIA--TÉRMINO DE MATERIA |
| Término de materia o nombre geográfico como elemento de entrada |
Kinderen. |
| Fuente del encabezamiento o término |
gtt |
| 650 #4 - PUNTO DE ACCESO ADICIONAL DE MATERIA--TÉRMINO DE MATERIA |
| Término de materia o nombre geográfico como elemento de entrada |
Video games |
| Subdivisión general |
Psychological aspects. |
| 650 #4 - PUNTO DE ACCESO ADICIONAL DE MATERIA--TÉRMINO DE MATERIA |
| Término de materia o nombre geográfico como elemento de entrada |
Computer games |
| Subdivisión general |
Psychological aspects. |
| 650 #4 - PUNTO DE ACCESO ADICIONAL DE MATERIA--TÉRMINO DE MATERIA |
| Término de materia o nombre geográfico como elemento de entrada |
Learning, Psychology of. |
| 650 #4 - PUNTO DE ACCESO ADICIONAL DE MATERIA--TÉRMINO DE MATERIA |
| Término de materia o nombre geográfico como elemento de entrada |
Video games and children. |
| 650 #4 - PUNTO DE ACCESO ADICIONAL DE MATERIA--TÉRMINO DE MATERIA |
| Término de materia o nombre geográfico como elemento de entrada |
Visual literacy. |
| 650 #4 - PUNTO DE ACCESO ADICIONAL DE MATERIA--TÉRMINO DE MATERIA |
| Término de materia o nombre geográfico como elemento de entrada |
Juegos de computadora |
| Subdivisión general |
Aspectos psicolâogicos. |
| 938 ## - |
| -- |
YBP Library Services |
| -- |
YANK |
| -- |
2635146 |
| 938 ## - |
| -- |
Baker & Taylor |
| -- |
BKTY |
| -- |
16.95 |
| -- |
12.71 |
| -- |
1403984530 |
| -- |
0007179150 |
| -- |
active |
| 938 ## - |
| -- |
Blackwell Book Service |
| -- |
BBUS |
| -- |
R7684128 |
| -- |
$16.95 |
| 938 ## - |
| -- |
Baker and Taylor |
| -- |
BTCP |
| -- |
bl2008012743 |
| 942 ## - ELEMENTOS DE ENTRADA SECUNDARIOS (KOHA) |
| Fuente del sistema de clasificación o colocación |
Clasificación de Library of Congress |
| Tipo de ítem Koha |
|
| 946 ## - PROCESAMIENTO DE INFORMACIÓN LOCAL (OCLC) |
| a |
mm |
| 994 ## - |
| -- |
C0 |
| -- |
DRFGD |